000 00705 a2200217 4500
001 61735
005 20260407155908.0
008 260407a1968 arg spa d
003 AR-UNSa-BCEJYS
040 _aAR-UNSa-BCEJYS
_bspa
_cAR-UNSa-BCEJYS
080 _a347.91(094.4)
_xCódigo Procesal Civil y Comercial
245 1 0 _aCódigo Procesal Civil y Comercial de la Nación
_pComentado
264 1 _aBuenos Aires :
_bVíctor P. de Zavalía
_c1968
300 _a938 p.
_c20 cm.
041 _aspa
942 _cBK
590 _aniveau_biblio:m niveau_hierar:0
100 1 _aAyarragaray, Carlos Alberto
700 1 _aGregorio Lavié, Julio A. de
700 1 _aArgentina (Código Procesal Civil y Comercial)
999 _c7387
_d7387